000 00490nam a22002177a 4500
003 UA-OsUOA
001 33082
007 ta
008 20050310b un ||||| |||| 00| 0 ukr d
090 _a94(477.52)
_bИ90
942 _cBK
040 _aUA-OsUOA
_brus
_cUA-OsUOA
_dUA-OsUOA
245 _aСумская область
_cРед. И. Я.Макухин
955 _a0
041 _arus
080 _a94(477.52)
044 _aUA
250 _n700
650 7 _2UDC
999 _c319539
_d319539